<?xml version="1.0" encoding="UTF-8"?>
<record
    xmlns:xsi="http://www.w3.org/2001/XMLSchema-instance"
    xsi:schemaLocation="http://www.loc.gov/MARC21/slim http://www.loc.gov/standards/marcxml/schema/MARC21slim.xsd"
    xmlns="http://www.loc.gov/MARC21/slim">

  <leader>01668cam a22002534a 4500</leader>
  <controlfield tag="001">TB12250</controlfield>
  <controlfield tag="003">IN-BhIIT</controlfield>
  <controlfield tag="005">20250221101517.0</controlfield>
  <controlfield tag="008">060613s2006    ii       b    000 0 eng  </controlfield>
  <datafield tag="020" ind1=" " ind2=" ">
    <subfield code="a">9788179931844 (hbk.)</subfield>
  </datafield>
  <datafield tag="040" ind1=" " ind2=" ">
    <subfield code="a">IN-BhIIT</subfield>
  </datafield>
  <datafield tag="041" ind1=" " ind2=" ">
    <subfield code="a">eng</subfield>
  </datafield>
  <datafield tag="082" ind1=" " ind2=" ">
    <subfield code="a">628</subfield>
    <subfield code="b">KUL/E</subfield>
  </datafield>
  <datafield tag="100" ind1="1" ind2=" ">
    <subfield code="a">Kulkarni, Vijay.</subfield>
    <subfield code="e">Author</subfield>
    <subfield code="9">25559</subfield>
  </datafield>
  <datafield tag="245" ind1="1" ind2="0">
    <subfield code="a">Environmental management /</subfield>
    <subfield code="c">by Vijay Kulkarni and T.V. Ramachandra.</subfield>
  </datafield>
  <datafield tag="260" ind1=" " ind2=" ">
    <subfield code="a">New Delhi :</subfield>
    <subfield code="b">Capital Pub. Co.,</subfield>
    <subfield code="c">2006.</subfield>
  </datafield>
  <datafield tag="300" ind1=" " ind2=" ">
    <subfield code="a">xvi, 367 p. ;</subfield>
    <subfield code="b">ill. ;</subfield>
    <subfield code="c">25 cm.</subfield>
  </datafield>
  <datafield tag="500" ind1=" " ind2=" ">
    <subfield code="a">Commonwealth of Learning, Canada ; Centre for Ecological Sciences, Indian Institute of Science, India ; Karnataka Environment Research Foundation, India.</subfield>
  </datafield>
  <datafield tag="504" ind1=" " ind2=" ">
    <subfield code="a">Includes bibliographical references and index.</subfield>
  </datafield>
  <datafield tag="520" ind1=" " ind2=" ">
    <subfield code="a">Environmental management has become one of the most used terms in recent times. But what exactly does the term mean and entail? Environmental management helps to investigate and manage the environment within the context of human influences, incorporating an examination of economics, culture, political structure, and social equity, as well as natural processes and systems. This book discusses in detail the various issues relating to environmental management, including the fundamentals; the various environmental policies, legislation, and international treaties; the concept of environmental impact assessment; environmental auditing; life cycle assessment; various environmental management system standards; issues and techniques; and environmental design and economics.</subfield>
  </datafield>
  <datafield tag="650" ind1=" " ind2="0">
    <subfield code="a">Environmental management.</subfield>
    <subfield code="9">12758</subfield>
  </datafield>
  <datafield tag="700" ind1="1" ind2=" ">
    <subfield code="a">Ramachandra, T. V.</subfield>
    <subfield code="e">Joint author</subfield>
    <subfield code="9">25560</subfield>
  </datafield>
  <datafield tag="942" ind1=" " ind2=" ">
    <subfield code="c">TB</subfield>
  </datafield>
  <datafield tag="999" ind1=" " ind2=" ">
    <subfield code="c">14704</subfield>
    <subfield code="d">14704</subfield>
  </datafield>
  <datafield tag="952" ind1=" " ind2=" ">
    <subfield code="0">0</subfield>
    <subfield code="1">0</subfield>
    <subfield code="2">ddc</subfield>
    <subfield code="4">0</subfield>
    <subfield code="7">0</subfield>
    <subfield code="8">SIF</subfield>
    <subfield code="a">CLIITBBS</subfield>
    <subfield code="b">CLIITBBS</subfield>
    <subfield code="d">2025-02-08</subfield>
    <subfield code="e">31</subfield>
    <subfield code="g">596.25</subfield>
    <subfield code="l">0</subfield>
    <subfield code="p">TB12251</subfield>
    <subfield code="r">2025-02-08 00:00:00</subfield>
    <subfield code="v">795.00</subfield>
    <subfield code="w">2025-02-08</subfield>
    <subfield code="y">TB</subfield>
  </datafield>
  <datafield tag="952" ind1=" " ind2=" ">
    <subfield code="0">0</subfield>
    <subfield code="1">0</subfield>
    <subfield code="2">ddc</subfield>
    <subfield code="4">0</subfield>
    <subfield code="7">0</subfield>
    <subfield code="8">SIF</subfield>
    <subfield code="a">CLIITBBS</subfield>
    <subfield code="b">CLIITBBS</subfield>
    <subfield code="d">2025-02-08</subfield>
    <subfield code="e">31</subfield>
    <subfield code="g">596.25</subfield>
    <subfield code="l">0</subfield>
    <subfield code="p">TB12254</subfield>
    <subfield code="r">2025-02-08 00:00:00</subfield>
    <subfield code="v">795.00</subfield>
    <subfield code="w">2025-02-08</subfield>
    <subfield code="y">TB</subfield>
  </datafield>
  <datafield tag="952" ind1=" " ind2=" ">
    <subfield code="0">0</subfield>
    <subfield code="1">0</subfield>
    <subfield code="2">ddc</subfield>
    <subfield code="4">0</subfield>
    <subfield code="7">0</subfield>
    <subfield code="8">SIF</subfield>
    <subfield code="a">CLIITBBS</subfield>
    <subfield code="b">CLIITBBS</subfield>
    <subfield code="d">2025-02-08</subfield>
    <subfield code="e">31</subfield>
    <subfield code="g">596.25</subfield>
    <subfield code="l">0</subfield>
    <subfield code="p">TB12253</subfield>
    <subfield code="r">2025-02-08 00:00:00</subfield>
    <subfield code="v">795.00</subfield>
    <subfield code="w">2025-02-08</subfield>
    <subfield code="y">TB</subfield>
  </datafield>
  <datafield tag="952" ind1=" " ind2=" ">
    <subfield code="0">0</subfield>
    <subfield code="1">0</subfield>
    <subfield code="2">ddc</subfield>
    <subfield code="4">0</subfield>
    <subfield code="7">0</subfield>
    <subfield code="8">SIF</subfield>
    <subfield code="a">CLIITBBS</subfield>
    <subfield code="b">CLIITBBS</subfield>
    <subfield code="d">2025-02-08</subfield>
    <subfield code="e">31</subfield>
    <subfield code="g">596.25</subfield>
    <subfield code="l">0</subfield>
    <subfield code="p">TB12255</subfield>
    <subfield code="r">2025-02-08 00:00:00</subfield>
    <subfield code="v">795.00</subfield>
    <subfield code="w">2025-02-08</subfield>
    <subfield code="y">TB</subfield>
  </datafield>
  <datafield tag="952" ind1=" " ind2=" ">
    <subfield code="0">0</subfield>
    <subfield code="1">0</subfield>
    <subfield code="2">ddc</subfield>
    <subfield code="4">0</subfield>
    <subfield code="7">0</subfield>
    <subfield code="8">SIF</subfield>
    <subfield code="a">CLIITBBS</subfield>
    <subfield code="b">CLIITBBS</subfield>
    <subfield code="d">2025-02-08</subfield>
    <subfield code="e">31</subfield>
    <subfield code="g">596.25</subfield>
    <subfield code="l">0</subfield>
    <subfield code="o">628 KUL/E</subfield>
    <subfield code="p">TB12250</subfield>
    <subfield code="r">2025-02-08 00:00:00</subfield>
    <subfield code="v">795.00</subfield>
    <subfield code="w">2025-02-08</subfield>
    <subfield code="y">RES</subfield>
  </datafield>
  <datafield tag="952" ind1=" " ind2=" ">
    <subfield code="0">0</subfield>
    <subfield code="1">0</subfield>
    <subfield code="2">ddc</subfield>
    <subfield code="4">0</subfield>
    <subfield code="7">0</subfield>
    <subfield code="8">SIF</subfield>
    <subfield code="a">CLIITBBS</subfield>
    <subfield code="b">CLIITBBS</subfield>
    <subfield code="d">2025-02-08</subfield>
    <subfield code="e">31</subfield>
    <subfield code="g">596.25</subfield>
    <subfield code="l">0</subfield>
    <subfield code="p">TB12252</subfield>
    <subfield code="r">2025-02-08 00:00:00</subfield>
    <subfield code="v">795.00</subfield>
    <subfield code="w">2025-02-08</subfield>
    <subfield code="y">TB</subfield>
  </datafield>
</record>
